Sudden Death - Nachbarländer Syriens - Statistiken

Allgemein
  • Dieses Quiz wurde 60 mal gespielt
  • Das Durchschnittsergebnis liegt bei 4 aus 6
Answers on the Grid
Answers color-coded by a green-red scale on the quiz's grid according to % correct below.
Syrien🇸🇾
Israel🇮🇱
Türkei🇹🇷
Irak🇮🇶
Jordanien🇯🇴
Libanon🇱🇧
Iran🇮🇷
Saudi-Arabien🇸🇦
Kuwait🇰🇼
Armenien🇦🇲
Georgien🇬🇪
Aserbaidschan🇦🇿
Russland🇷🇺
Ägypten🇪🇬
Kasachstan🇰🇿
Turkmenistan🇹🇲
Usbekistan🇺🇿
Afghanistan🇦🇫
Pakistan🇵🇰
China🇨🇳
 
Antwortstatistiken
Antwort % Korrekt
Israel🇮🇱
77%
Türkei🇹🇷
70%
Syrien🇸🇾
68%
Jordanien🇯🇴
66%
Libanon🇱🇧
66%
Irak🇮🇶
61%
Keine übereinstimmenden Quizze gefunden
Verteilung der Resultate
Anzahl Personen mit jedem Resultat
Perzentil nach korrekt beantworteten Fragen
Ihre Resultats-Entwicklung
Sie haben dieses Quiz noch nicht gespielt